| 000 | 00723nam a22002057a 4500 | ||
|---|---|---|---|
| 005 | 20100818120835.0 | ||
| 010 | _aENG-100805 | ||
| 020 |
_a8177356216 _c30.00 |
||
| 035 | _aEN-84338 | ||
| 037 | _bDBAD/PUB | ||
| 082 | _a621.391 | ||
| 100 |
_aChandraleka, K. _914624 |
||
| 245 |
_aStudy of IC-PIC 16F 84A / _cby Chandraleka, K. |
||
| 260 |
_aChennai _bPavai Publications _c2008 |
||
| 270 |
_a142, Johny John Khan Salai _bChennai _e600014 |
||
| 300 |
_a56p. _c20cm (pbk) |
||
| 650 |
_aMicroprocesser & microcontroller _914625 |
||
| 942 |
_2ddc _cEN _h621.391 _mCHA |
||
| 999 |
_c42375 _d42375 |
||